Regulation and investment

Uložené v:
Podrobná bibliografia
Médium: Kniha
Jazyk:English
Vydavateľské údaje: Paris OECD 2003
Edícia:Economics department working papers No. 352
Predmet:
Tagy: Pridať tag
Žiadne tagy, Buďte prvý, kto otaguje tento záznam!

MARC

LEADER 00000nam a2200000 4500
001 0024788
005 20240223110402.5
041 0 |a eng 
044 |a FR 
245 1 0 |a Regulation and investment 
264 1 |a Paris  |b OECD  |c 2003 
300 |a 41 s. 
490 1 |a Economics department working papers  |v No. 352 
830 0 |a Economics department working papers  |v No. 352 
610 2 0 |a regulácia 
610 2 0 |a investície 
610 2 0 |a regulácia trhu 
610 2 0 |a regulácia výroby 
610 2 0 |a analýza ekonometrická 
610 2 0 |a trh výrobkov 
610 2 0 |a investície súkromné 
610 2 0 |a investície verejné